[Event "Niedersachsen-ch U16"]
[Site "Northeim"]
[Date "2007.10.22"]
[Round "5"]
[White "Hoffmann, Leo"]
[Black "Elborg, Cornelia"]
[Result "0-1"]
[WhiteElo "1798"]
[BlackElo "1213"]
[PlyCount "56"]
[EventDate "2007.10.20"]
[EventType "swiss"]
[EventRounds "7"]
[EventCountry "GER"]
[SourceTitle "EXT 2010"]
[Source "ChessBase"]
[SourceDate "2010.11.25"]
[SourceVersion "1"]
[SourceVersionDate "2010.11.25"]
[SourceQuality "1"]

1. g3 e5 2. Bg2 Nf6 3. b3 d5 4. Bb2 Nc6 5. e3 Bd6 6. d3 Bg4 7. Ne2 0-0 8. h3 Be6 9. Nd2 Qd7 10. Rc1 Nb4 11. a3 Nc6 12. c4 dxc4 13. bxc4 Qe7 14. 0-0 Bxa3 15. Bxa3 Qxa3 16. Nb1 Qd6 17. d4 exd4 18. exd4 Nd8 19. Nd2 Qd7 20. Kh2 c6 21. Nb3 b6 22. c5 b5 23. g4 Qc7+ 24. f4 a5 25. Nd2 Nd5 26. Kg1 Ne3 27. Qe1 Nxf1 28. Nxf1 Re8 0-1